Which Flags Contain Yellow? - Sudden Death - Statistics

General Stats
  • This quiz has been taken 45 times
  • The average score is 11 of 17
Answers on the Grid
Answers color-coded by a green-red scale on the quiz's grid according to % correct below.
 
Answer Stats
Answer % Correct
80%
74%
74%
74%
71%
69%
69%
69%
66%
66%
63%
63%
60%
60%
57%
51%
43%
No matching quizzes found
Score Distribution
Percent of People with Each Score
Percentile by Number Answered
Your Score History
You have not taken this quiz